000
00295nam a2200121Ia 4500
008
220204s9999 xx 000 0 und d
082
_a
065.011
_b
COH
100
_a
Cohn, Theodore
245
0
_a
Survival and growth
260
_a
New York
_b
Mentor
_c
1978
700
_a
Lindberg, Roy A
942
_c
BK
999
_c
30926
_d
30926